000
00223 a2200097 4500
001
14139
100
_a
Bolton G.M
245
_a
Testing in selection decisions
260
_a
Berkshire
_b
Nfer nelson
_c
090
_c
11083
_d
11083
942
_a
NUST-CAE
_c
M
_c
1207
999
_c
249212
_d
249212